| 000 | 004360000a22001690004500 | ||
|---|---|---|---|
| 003 | MACL | ||
| 005 | 20151231135422.0 | ||
| 008 | 151231b xxu||||| |||| 00| 0 eng d | ||
| 040 |
_aMACL _cMACL |
||
| 041 | _aEnglish | ||
| 082 | _a370/HOR | ||
| 100 |
_aHorne, Herman Harrell _925716 |
||
| 245 | _aThe Philosophy of Education | ||
| 260 |
_bThe Macmillan Company _c1916 _aLondon |
||
| 650 |
_aEducation _925717 |
||
| 942 |
_cBK _k370/HOR _2ddc |
||
| 999 |
_c37732 _d37732 |
||